Loading...
| Science - Biology | 0 | 9 | 0 | 1 | 90 | 41 | 82.56 | 3 | 5 | 0.00 | 0.00 |
| Science - Physics | 0 | 5 | 1 | 2 | 45 | 113 | 120.00 | 0 | 2 | 0.00 | 0.00 |
| Science - Chemistry | 0 | 5 | 1 | 1 | 45 | 71 | 96.00 | 1 | 3 | 0.00 | 0.00 |
| History - European | 0 | 4 | 0 | 2 | 40 | 50 | 99.50 | 0 | 1 | 0.00 | 0.00 |
| Social Science | 0 | 3 | 0 | 1 | 30 | 114 | 116.67 | 0 | 0 | 0.00 | 0.00 |
| Mythology | 0 | 3 | 0 | 2 | 30 | 120 | 132.33 | 0 | 1 | 0.00 | 0.00 |
| History - American | 0 | 2 | 0 | 1 | 20 | 39 | 80.50 | 1 | 1 | 0.00 | 0.00 |
| Science - Other | 0 | 2 | 0 | 1 | 20 | 114 | 123.00 | 0 | 1 | 0.00 | 0.00 |
| History - Other | 0 | 2 | 0 | 0 | 20 | 70 | 76.00 | 0 | 0 | 0.00 | 0.00 |
| Fine Arts - Other | 0 | 2 | 0 | 1 | 20 | 106 | 123.50 | 0 | 1 | 0.00 | 0.00 |
| Literature - American | 0 | 1 | 0 | 0 | 10 | 98 | 98.00 | 0 | 0 | 0.00 | 0.00 |
| Fine Arts - Painting and Sculpture | 0 | 1 | 0 | 0 | 10 | 80 | 80.00 | 0 | 1 | 0.00 | 0.00 |
| Fine Arts - Classical Music | 0 | 1 | 0 | 0 | 10 | 59 | 59.00 | 0 | 1 | 0.00 | 0.00 |
| Religion | 0 | 1 | 0 | 0 | 10 | 105 | 105.00 | 0 | 0 | 0.00 | 0.00 |
| History - World | 0 | 0 | 0 | 0 | 0 | 0.00 | 0 | 0 | 0.00 | 0.00 |